| 000 | 00541nam a2200193Ia 4500 | ||
|---|---|---|---|
| 008 | 170918s9999 xx 000 0 und d | ||
| 020 | _a385721552 | ||
| 050 | _bN687 1999 | ||
| 245 | _aNight & horses & the desert : | ||
| 245 | _ban anthology of classical arabic literature / | ||
| 245 | _cedited by Robert Irwin. | ||
| 260 | _aNew York : | ||
| 260 | _bAnchor Books, | ||
| 260 | _c1999 | ||
| 300 | _axviii, 462 pages : | ||
| 300 | _billustrations ; | ||
| 300 | _c20cm. | ||
| 440 | _vIncludes bibliographical information and index. | ||
| 999 |
_c343741 _d343741 |
||